[Event "BL 1314 (Women)"]
[Site "Germany"]
[Date "2014.03.09"]
[Round "9.6"]
[White "Tran, My Linh"]
[Black "Brandl, Lea Maria"]
[Result "1/2-1/2"]
[WhiteElo "2061"]
[BlackElo "1733"]
[PlyCount "114"]
[EventDate "2013.10.04"]
[EventType "team-tourn"]
[EventRounds "11"]
[EventCountry "GER"]
[SourceTitle "EXT 2018"]
[Source "ChessBase"]
[SourceDate "2017.10.13"]
[SourceVersion "1"]
[SourceVersionDate "2017.10.13"]
[SourceQuality "1"]
[WhiteTeam "Friedberg (W)"]
[BlackTeam "Schott Mainz (W)"]
[WhiteTeamCountry "GER"]
[BlackTeamCountry "GER"]

1. e4 c5 2. Nf3 d6 3. d4 cxd4 4. Nxd4 Nf6 5. Nc3 a6 6. g3 e5 7. Nde2 Be7 8. Bg2 Nbd7 9. 0-0 0-0 10. h3 b5 11. g4 Nb6 12. Ng3 Be6 13. Nd5 Nfxd5 14. exd5 Bd7 15. Qd3 Bg5 16. Nf5 Bxc1 17. Raxc1 Bxf5 18. Qxf5 Rc8 19. c3 Qe7 20. Rce1 g6 21. Qd3 Qg5 22. Re2 Rc4 23. Re4 Rfc8 24. Rxc4 Rxc4 25. b3 Rf4 26. Qe3 Qd8 27. Rc1 Qb8 28. Qd3 Qc7 29. Re1 Qc5 30. Qe3 Qc7 31. Rd1 Nd7 32. Rc1 Nb6 33. Re1 Nd7 34. Qd2 Nc5 35. Re3 Qb6 36. Qe2 Kg7 37. Rf3 Rxf3 38. Qxf3 a5 39. Qe2 b4 40. Qc4 bxc3 41. Qxc3 Qb5 42. Bf1 Qb6 43. Qc4 Qb7 44. Be2 Kf8 45. Bd1 Qb4 46. Be2 Ne4 47. Kg2 Nc5 48. Qb5 Qe4+ 49. Bf3 Qb4 50. Be2 Qe4+ 51. Bf3 Qb4 52. Qc4 Qxc4 53. bxc4 h6 54. Bd1 Ke7 55. Bc2 g5 56. h4 f6 57. hxg5 hxg5 1/2-1/2

[Event "BL 1314 (Women)"]
[Site "Germany"]
[Date "2014.02.15"]
[Round "6.6"]
[White "Manusina, Nicole"]
[Black "Brandl, Lea Maria"]
[Result "1-0"]
[WhiteElo "1815"]
[BlackElo "1733"]
[PlyCount "59"]
[EventDate "2013.10.04"]
[EventType "team-tourn"]
[EventRounds "11"]
[EventCountry "GER"]
[SourceTitle "EXT 2018"]
[Source "ChessBase"]
[SourceDate "2017.10.13"]
[SourceVersion "1"]
[SourceVersionDate "2017.10.13"]
[SourceQuality "1"]
[WhiteTeam "Lehrte (W)"]
[BlackTeam "Schott Mainz (W)"]
[WhiteTeamCountry "GER"]
[BlackTeamCountry "GER"]

1. d4 Nf6 2. c4 g6 3. Nc3 d5 4. cxd5 Nxd5 5. e4 Nxc3 6. bxc3 Bg7 7. Bc4 c5 8. Be3 Nc6 9. Ne2 0-0 10. 0-0 Qc7 11. Qc1 Rd8 12. Rd1 b6 13. Rb1 Bb7 14. d5 Ne5 15. Bb3 c4 16. Bc2 Rac8 17. h3 Ba6 18. Nd4 Nd7 19. Nc6 Re8 20. Qa3 Bb7 21. Nxe7+ Kh8 22. Nxc8 Rxc8 23. Bd4 Re8 24. Bxg7+ Kxg7 25. Rd4 a6 26. Qb4 b5 27. a4 Rb8 28. axb5 axb5 29. Qxb5 Bc8 30. Qxc4 1-0

[Event "GER-chT U20 Girls"]
[Site "Osnabrueck"]
[Date "2013.12.30"]
[Round "7.4"]
[White "Brandl, Lea Maria"]
[Black "Klotz, Diana"]
[Result "1-0"]
[WhiteElo "1804"]
[BlackElo "1000"]
[PlyCount "52"]
[EventDate "2013.12.27"]
[EventType "team-swiss"]
[EventRounds "7"]
[EventCountry "GER"]
[SourceTitle "EXT 2015"]
[Source "ChessBase"]
[SourceDate "2014.11.20"]
[SourceVersion "1"]
[SourceVersionDate "2014.11.20"]
[SourceQuality "1"]
[WhiteTeam "Schott Mainz"]
[BlackTeam "Leipzig Lindenau"]
[WhiteTeamCountry "GER"]
[BlackTeamCountry "GER"]

1. d4 Nc6 2. Nf3 Nf6 3. c4 e6 4. Nc3 Be7 5. Bf4 0-0 6. e3 d6 7. Bd3 e5 8. dxe5 dxe5 9. Nxe5 Nxe5 10. Bxe5 Ng4 11. Bg3 a6 12. 0-0 c6 13. Qc2 b5 14. cxb5 axb5 15. Bxh7+ Kh8 16. Be4 g6 17. Bxc6 Rb8 18. Bxb8 Ba6 19. Bf4 g5 20. Bg3 Kg7 21. h3 Nf6 22. Be5 g4 23. hxg4 Kh6 24. Qf5 Bc8 25. g5+ Kh5 26. Bf3+ Kh4 1-0

[Event "BL 1314 (Women)"]
[Site "Germany"]
[Date "2013.10.06"]
[Round "2.6"]
[White "Brandl, Lea Maria"]
[Black "Kalies, Grit"]
[Result "0-1"]
[WhiteElo "1733"]
[BlackElo "2049"]
[PlyCount "92"]
[EventDate "2013.10.04"]
[EventType "team-tourn"]
[EventRounds "11"]
[EventCountry "GER"]
[SourceTitle "EXT 2018"]
[Source "ChessBase"]
[SourceDate "2017.10.13"]
[SourceVersion "1"]
[SourceVersionDate "2017.10.13"]
[SourceQuality "1"]
[WhiteTeam "Schott Mainz (W)"]
[BlackTeam "Leipzig WBA (W)"]
[WhiteTeamCountry "GER"]
[BlackTeamCountry "GER"]

1. d4 Nf6 2. c4 c5 3. d5 b5 4. cxb5 a6 5. b6 d6 6. Nc3 g6 7. e4 Bg7 8. Nf3 0-0 9. Be2 Qxb6 10. a4 Qb4 11. Nd2 e6 12. dxe6 Bxe6 13. a5 Nc6 14. Ra4 Qb7 15. Bc4 Nb4 16. f3 d5 17. exd5 Bd7 18. Ra3 Rfe8+ 19. Kf2 Nfxd5 20. Nxd5 Nxd5 21. Nb3 Bc6 22. Bxd5 Bxd5 23. Nxc5 Qc6 24. b4 Bc4 25. Re3 Red8 26. Qc2 Qb5 27. Kg3 Qxb4 28. Ba3 Qb8+ 29. f4 Rd4 30. Rf3 Bh6 31. Bc1 Qd6 32. Nb7 Qd5 33. Be3 Bd3 34. Qb2 Rc4 35. Nc5 Bf5 36. Rc1 Rxc1 37. Qxc1 Rc8 38. Qg1 Bf8 39. Nxa6 Qxa5 40. Qf1 Ra8 41. Bd4 Qxa6 42. Qe1 Qe6 43. Re3 Qd5 44. Bb2 Rc8 45. Ba1 Rc2 46. Rf3 Qd2 0-1

[Event "BL 1314 (Women)"]
[Site "Germany"]
[Date "2013.10.05"]
[Round "1.6"]
[White "Kubikova, Alena"]
[Black "Brandl, Lea Maria"]
[Result "1-0"]
[WhiteElo "2092"]
[BlackElo "1733"]
[PlyCount "75"]
[EventDate "2013.10.04"]
[EventType "team-tourn"]
[EventRounds "11"]
[EventCountry "GER"]
[SourceTitle "EXT 2018"]
[Source "ChessBase"]
[SourceDate "2017.10.13"]
[SourceVersion "1"]
[SourceVersionDate "2017.10.13"]
[SourceQuality "1"]
[WhiteTeam "Rodewisch (W)"]
[BlackTeam "Schott Mainz (W)"]
[WhiteTeamCountry "GER"]
[BlackTeamCountry "GER"]

1. e4 c5 2. Nf3 d6 3. d4 cxd4 4. Nxd4 Nf6 5. Nc3 a6 6. Bc4 e6 7. Bb3 b5 8. a3 Be7 9. f4 0-0 10. 0-0 Bd7 11. e5 dxe5 12. fxe5 Ne8 13. Kh1 Qc7 14. Qf3 Nc6 15. Nxc6 Bxc6 16. Qg3 Rd8 17. Be3 Bb7 18. Bg5 Bxg5 19. Qxg5 h6 20. Qe3 Qc6 21. Rf2 Rd7 22. Raf1 Nc7 23. Ne2 Rfd8 24. c3 a5 25. Nd4 Qb6 26. Bd1 Nd5 27. Qg3 Ba6 28. Bh5 Rf8 29. Qh3 Re7 30. Be2 Qb8 31. Nc6 Qc7 32. Nxe7+ Nxe7 33. Qe3 Ng6 34. a4 Nxe5 35. axb5 Bxb5 36. Bxb5 Ng4 37. Qf4 Nxf2+ 38. Qxf2 1-0

[Event "Cologne Longerich op-A 10th"]
[Site "Cologne"]
[Date "2013.07.22"]
[Round "5"]
[White "Beck, Gerald"]
[Black "Brandl, Lea Maria"]
[Result "1/2-1/2"]
[WhiteElo "2079"]
[BlackElo "1715"]
[PlyCount "39"]
[EventDate "2013.07.19"]
[EventType "tourn"]
[EventRounds "5"]
[EventCountry "GER"]
[SourceTitle "EXT 2017"]
[Source "ChessBase"]
[SourceDate "2016.10.25"]
[SourceVersion "1"]
[SourceVersionDate "2016.10.25"]
[SourceQuality "1"]

1. c4 Nf6 2. g3 e6 3. Bg2 d5 4. Nf3 Bd6 5. 0-0 0-0 6. b3 c5 7. e3 Qe7 8. Nc3 Nc6 9. Bb2 Rd8 10. Qe2 b6 11. Rfd1 Bb7 12. Nb5 Bb8 13. d4 dxc4 14. dxc5 Rxd1+ 15. Rxd1 cxb3 16. Ba3 bxc5 17. Qc4 a6 18. Nc3 Bd6 19. axb3 Rc8 20. Na4 1/2-1/2